[Event "FEDC Cup Div/1 16th"]
[Site "Cambrils"]
[Date "2015.11.28"]
[Round "7.3"]
[White "Sanchez Ruiz, Piedad Esmeralda"]
[Black "Rousse Mayol, Ricard"]
[Result "1-0"]
[WhiteElo "1768"]
[BlackElo "1759"]
[PlyCount "67"]
[EventDate "2015.11.22"]
[EventType "team-tourn"]
[EventRounds "7"]
[EventCountry "ESP"]
[SourceTitle "CBM 169 Extra"]
[Source "ChessBase"]
[SourceDate "2015.12.18"]
[SourceVersion "1"]
[SourceVersionDate "2015.12.18"]
[SourceQuality "1"]
[WhiteTeam "Madrid"]
[BlackTeam "Barcelona"]
[WhiteTeamCountry "ESP"]
[BlackTeamCountry "ESP"]

1. e4 g6 2. d4 d6 3. Nc3 Bg7 4. f4 c6 5. Nf3 b5 6. Bd3 Bg4 7. Be3 Qa5 8. 0-0 Na6 9. Ne2 c5 10. c3 c4 11. Bc2 Nf6 12. Qd2 Rd8 13. Ng3 Bc8 14. f5 Ng4 15. Bf4 e5 16. fxe6 Bxe6 17. h3 Nf6 18. d5 Bc8 19. Nd4 Bb7 20. Bg5 Nd7 21. Bxd8 Qxd8 22. Nxb5 Ne5 23. Nd4 0-0 24. b3 Nc5 25. Qe2 Ba6 26. b4 Ncd3 27. a4 Qg5 28. Nh1 Bc8 29. Rf3 Nf4 30. Rxf4 Qxf4 31. Rf1 Qg5 32. Nf2 Qg3 33. Qd2 Nf3+ 34. Nxf3 1-0

[Event "FEDC Cup Div/1 16th"]
[Site "Cambrils"]
[Date "2015.11.23"]
[Round "2.3"]
[White "Llaneras Henarejos, Miguel"]
[Black "Rousse Mayol, Ricard"]
[Result "1-0"]
[WhiteElo "1678"]
[BlackElo "1759"]
[PlyCount "69"]
[EventDate "2015.11.22"]
[EventType "team-tourn"]
[EventRounds "7"]
[EventCountry "ESP"]
[SourceTitle "CBM 169 Extra"]
[Source "ChessBase"]
[SourceDate "2015.12.18"]
[SourceVersion "1"]
[SourceVersionDate "2015.12.18"]
[SourceQuality "1"]
[WhiteTeam "Castilla La Mancha"]
[BlackTeam "Barcelona"]
[WhiteTeamCountry "ESP"]
[BlackTeamCountry "ESP"]

1. d4 g6 2. e4 d6 3. Nc3 Bg7 4. Nf3 Nf6 5. Bc4 e6 6. 0-0 0-0 7. Bg5 h6 8. Bh4 Qd7 9. h3 c6 10. Bb3 b5 11. e5 Nd5 12. Ne4 dxe5 13. Nxe5 Bxe5 14. dxe5 Kg7 15. Qf3 f5 16. exf6+ Kh7 17. Rad1 Na6 18. c4 bxc4 19. Bxc4 Bb7 20. Rfe1 Rf7 21. Bxa6 Bxa6 22. Nc5 Qc8 23. Nxa6 Qxa6 24. Rxe6 Qc4 25. Bg3 Raf8 26. b3 Qb5 27. a4 Qb7 28. Bh4 Qd7 29. Rde1 a5 30. Qd1 Qc7 31. Qc2 Nb4 32. Qe4 Nd5 33. Qc4 Nb4 34. Re7 Qd8 35. Rxf7+ 1-0

[Event "Linares FEDC-ch 24th"]
[Site "Linares"]
[Date "2014.11.22"]
[Round "7"]
[White "Rousse Mayol, Ricard"]
[Black "Melero Marti, Hector"]
[Result "1/2-1/2"]
[WhiteElo "1788"]
[BlackElo "1537"]
[PlyCount "61"]
[EventDate "2014.11.16"]
[EventType "swiss"]
[EventRounds "8"]
[EventCountry "ESP"]
[SourceTitle "CBM 163 Extra"]
[Source "ChessBase"]
[SourceDate "2014.12.23"]
[SourceVersion "1"]
[SourceVersionDate "2014.12.23"]
[SourceQuality "1"]

1. Nf3 c5 2. g3 g6 3. Bg2 Bg7 4. c4 Nc6 5. Nc3 d6 6. 0-0 Nf6 7. d3 0-0 8. Re1 Bd7 9. e4 Ne8 10. a3 Nc7 11. Rb1 Ne6 12. Nd5 Ned4 13. b4 b6 14. Bg5 f6 15. Be3 e6 16. Nxd4 Nxd4 17. Bxd4 cxd4 18. Nf4 Rc8 19. Qb3 Re8 20. Ne2 e5 21. f4 Kh8 22. Rbc1 Bh6 23. Rc2 Bg4 24. Rf1 Qd7 25. Qb1 Bh3 26. Bxh3 Qxh3 27. Rf2 Rf8 28. Qf1 Qg4 29. h3 Qd7 30. Kh2 f5 31. fxe5 1/2-1/2

[Event "Linares FEDC-ch 24th"]
[Site "Linares"]
[Date "2014.11.21"]
[Round "6"]
[White "Mondelo Fidalgo, Antonio"]
[Black "Rousse Mayol, Ricard"]
[Result "1-0"]
[WhiteElo "1739"]
[BlackElo "1788"]
[PlyCount "91"]
[EventDate "2014.11.16"]
[EventType "swiss"]
[EventRounds "8"]
[EventCountry "ESP"]
[SourceTitle "CBM 163 Extra"]
[Source "ChessBase"]
[SourceDate "2014.12.23"]
[SourceVersion "1"]
[SourceVersionDate "2014.12.23"]
[SourceQuality "1"]

1. d4 g6 2. Bf4 d6 3. Nf3 Bg7 4. e3 Nf6 5. h3 Nbd7 6. c4 Nh5 7. Bh2 c5 8. Nc3 cxd4 9. exd4 Nhf6 10. Be2 b6 11. 0-0 Bb7 12. Re1 0-0 13. Qc2 Re8 14. Qa4 a5 15. Qb3 Rc8 16. Rac1 Bh6 17. Rcd1 Bc6 18. Nb5 Ra8 19. a4 Bxb5 20. Qxb5 Ne4 21. Bd3 Nef6 22. Re2 Rc8 23. Rde1 Nb8 24. Qb3 Nc6 25. Be4 Nxe4 26. Rxe4 e6 27. Qc3 Nb4 28. Bf4 Bxf4 29. Rxf4 d5 30. b3 dxc4 31. bxc4 Qe7 32. Ne5 Nd5 33. Qf3 Nxf4 34. Qxf4 Rf8 35. Qh6 Qd8 36. Qf4 Qc7 37. Qf6 Qd8 38. Qf4 f5 39. Re3 g5 40. Rg3 h6 41. h4 Kh7 42. hxg5 hxg5 43. Rxg5 Rf6 44. Rh5+ Kg7 45. Qg5+ Kf8 46. Rh8+ 1-0

[Event "Linares FEDC-ch 24th"]
[Site "Linares"]
[Date "2014.11.20"]
[Round "5"]
[White "Rousse Mayol, Ricard"]
[Black "Zanoletty Garcia, David"]
[Result "0-1"]
[WhiteElo "1788"]
[BlackElo "1996"]
[PlyCount "50"]
[EventDate "2014.11.16"]
[EventType "swiss"]
[EventRounds "8"]
[EventCountry "ESP"]
[SourceTitle "CBM 163 Extra"]
[Source "ChessBase"]
[SourceDate "2014.12.23"]
[SourceVersion "1"]
[SourceVersionDate "2014.12.23"]
[SourceQuality "1"]

1. Nf3 Nf6 2. d4 d6 3. g3 Bf5 4. c4 c6 5. Bg2 h6 6. Nc3 Nbd7 7. Nh4 Bh7 8. 0-0 g5 9. Nf3 Bg7 10. Re1 0-0 11. h3 e5 12. dxe5 dxe5 13. e4 Qc7 14. b3 Rfd8 15. Nd2 Nc5 16. Ba3 Ne6 17. Qc1 Rd7 18. Ne2 Rad8 19. Bb4 a5 20. Bc3 Nc5 21. Qa3 b6 22. Nf3 Nfxe4 23. Qb2 Nd3 24. Qc2 Nxc3 25. Nxg5 hxg5 0-1

[Event "Linares FEDC-ch 24th"]
[Site "Linares"]
[Date "2014.11.18"]
[Round "3"]
[White "Rousse Mayol, Ricard"]
[Black "Salas Rasilla, Concepcion"]
[Result "1/2-1/2"]
[WhiteElo "1788"]
[BlackElo "1653"]
[PlyCount "88"]
[EventDate "2014.11.16"]
[EventType "swiss"]
[EventRounds "8"]
[EventCountry "ESP"]
[SourceTitle "CBM 163 Extra"]
[Source "ChessBase"]
[SourceDate "2014.12.23"]
[SourceVersion "1"]
[SourceVersionDate "2014.12.23"]
[SourceQuality "1"]

1. Nf3 g6 2. d4 Nf6 3. c4 c5 4. e3 cxd4 5. exd4 d5 6. Nc3 Bg7 7. cxd5 0-0 8. Bc4 Nbd7 9. 0-0 Nb6 10. Bb3 Nbxd5 11. Nxd5 Nxd5 12. Re1 Nf6 13. h3 Qd6 14. Ne5 Bf5 15. Be3 Nd5 16. Nc4 Nxe3 17. Nxd6 Nxd1 18. Nxf5 gxf5 19. Raxd1 Bf6 20. Bd5 Rfd8 21. Bf3 Rd7 22. b3 Rad8 23. d5 b6 24. g3 e5 25. dxe6 Rxd1 26. exf7+ Kxf7 27. Rxd1 Rxd1+ 28. Bxd1 Bd4 29. Kg2 Kf6 30. f4 h6 31. Bh5 Bc5 32. Kf3 Bd4 33. Be8 Bc5 34. g4 a5 35. Bd7 fxg4+ 36. hxg4 Bg1 37. Be8 Bc5 38. Ke4 Bg1 39. Bh5 Bc5 40. Kd5 Be3 41. Ke4 Bc5 42. a4 Bf2 43. Kd5 Be3 44. Kc6 Bf2 1/2-1/2

[Event "Valladolid Once-ch 23rd"]
[Site "Valladolid"]
[Date "2012.11.22"]
[Round "5"]
[White "Merino Gomez, Aurelio"]
[Black "Rousse Mayol, Ricard"]
[Result "1/2-1/2"]
[WhiteElo "1546"]
[BlackElo "1835"]
[PlyCount "59"]
[EventDate "2012.11.18"]
[EventType "swiss"]
[EventRounds "8"]
[EventCountry "ESP"]
[SourceTitle "CBM 151 Extra"]
[Source "ChessBase"]
[SourceDate "2012.12.18"]
[SourceVersion "1"]
[SourceVersionDate "2012.12.18"]
[SourceQuality "1"]

1. Nf3 g6 2. d4 d6 3. c4 Bg7 4. Nc3 Nf6 5. e4 0-0 6. Be3 Ng4 7. Bd2 Nd7 8. h3 Ngf6 9. Bd3 c5 10. d5 a6 11. a4 b6 12. 0-0 Ne8 13. Qc1 Ne5 14. Be2 Nxf3+ 15. Bxf3 f5 16. Bh6 e5 17. Bxg7 Kxg7 18. exf5 Bxf5 19. Qe3 Qh4 20. b3 Nf6 21. Rae1 Rae8 22. Be4 Bxe4 23. Nxe4 Nxe4 24. Qxe4 Qxe4 25. Rxe4 Rf4 26. Rfe1 Rxe4 27. Rxe4 Rf8 28. g3 Rf3 29. Re3 Rxe3 30. fxe3 1/2-1/2

[Event "ESP-ch blind 22nd"]
[Site "Benidorm"]
[Date "2010.11.19"]
[Round "6"]
[White "Rousse Mayol, Ricard"]
[Black "Clemente Llamero, Roberto"]
[Result "0-1"]
[WhiteElo "1907"]
[BlackElo "2141"]
[PlyCount "92"]
[EventDate "2010.11.14"]
[EventType "swiss"]
[EventRounds "8"]
[EventCountry "ESP"]
[SourceTitle "CBM 139 Extra"]
[Source "ChessBase"]
[SourceDate "2011.01.05"]
[SourceVersion "1"]
[SourceVersionDate "2011.01.05"]
[SourceQuality "1"]

1. Nf3 Nf6 2. d4 c5 3. e3 e6 4. c4 cxd4 5. exd4 d5 6. Nc3 Bb4 7. Qa4+ Nc6 8. a3 Bxc3+ 9. bxc3 0-0 10. Qc2 b6 11. Bd3 dxc4 12. Bxc4 Bb7 13. 0-0 Na5 14. Be2 Rc8 15. Bg5 Bxf3 16. Bxf3 Qxd4 17. cxd4 Rxc2 18. Bxf6 gxf6 19. Rfc1 Rfc8 20. Rxc2 Rxc2 21. d5 Nc4 22. Rd1 exd5 23. Bxd5 Nxa3 24. g3 b5 25. Bb3 Rb2 26. Rd8+ Kg7 27. Bd5 Rd2 28. Rd7 a5 29. Rxf7+ Kg6 30. Rd7 Kh6 31. h4 b4 32. g4 Rxd5 33. Rxd5 b3 34. g5+ fxg5 35. hxg5+ Kg6 36. Rxa5 b2 37. Ra6+ Kh5 38. Rb6 b1Q+ 39. Rxb1 Nxb1 40. Kg2 Kxg5 41. Kg3 Nd2 42. f4+ Kh5 43. Kh3 Ne4 44. Kg2 Kg4 45. f5 Kxf5 46. Kh3 Kg5 0-1

[Event "ESP-chT Once"]
[Site "Islantilla"]
[Date "2007.11.18"]
[Round "1"]
[White "Menendez Solar, Jose Carlos"]
[Black "Rousse Mayol, Ricard"]
[Result "1/2-1/2"]
[WhiteElo "1925"]
[BlackElo "1948"]
[PlyCount "65"]
[EventDate "2007.11.18"]
[EventType "team"]
[EventRounds "5"]
[EventCountry "ESP"]
[SourceTitle "CBM 121 Extra"]
[Source "ChessBase"]
[SourceDate "2008.01.10"]
[SourceVersion "1"]
[SourceVersionDate "2008.01.10"]
[SourceQuality "1"]

1. d4 Nf6 2. c4 g6 3. Nc3 d6 4. e4 Bg7 5. Be2 0-0 6. Nf3 Nbd7 7. 0-0 c5 8. d5 a6 9. h3 Rb8 10. a4 b6 11. Bf4 Ne8 12. Qd2 f6 13. Rae1 Rf7 14. Nh2 Ne5 15. Be3 Rf8 16. f4 Nf7 17. Nf3 Nc7 18. Bd3 Bd7 19. e5 dxe5 20. fxe5 fxe5 21. Ng5 Bf6 22. b3 Nxg5 23. Bxg5 Ne8 24. Ne4 Rf7 25. Re2 Bxg5 26. Qxg5 Rxf1+ 27. Kxf1 Nf6 28. Qxe5 Bf5 29. g4 Bxe4 30. Bxe4 Qd6 31. Bd3 Qxe5 32. Rxe5 Kf7 33. Kg2 1/2-1/2

[Event "ESP-ch Ciegos"]
[Site "Cordoba"]
[Date "2006.11.25"]
[Round "7"]
[White "Mora Manez, Julio"]
[Black "Rousse Mayol, Ricard"]
[Result "1/2-1/2"]
[WhiteElo "2036"]
[BlackElo "1931"]
[PlyCount "26"]
[EventDate "2006.11.19"]
[EventType "swiss"]
[EventRounds "9"]
[EventCountry "ESP"]
[SourceTitle "EXT 2008"]
[Source "ChessBase"]
[SourceDate "2007.11.25"]
[SourceVersion "1"]
[SourceVersionDate "2007.11.25"]
[SourceQuality "1"]

1. e4 d6 2. d4 g6 3. Nf3 Nf6 4. Nc3 Bg7 5. Be2 0-0 6. 0-0 Nbd7 7. Bf4 Nh5 8. Be3 Nhf6 9. h3 e5 10. dxe5 Nxe5 11. Nxe5 dxe5 12. Qxd8 Rxd8 13. Rad1 Be6 1/2-1/2

[Event "Catalunya-ch Seniors"]
[Site "Andorra"]
[Date "2006.07.23"]
[Round "6"]
[White "Rousse Mayol, Ricard"]
[Black "Salinas Garcia, Benet"]
[Result "0-1"]
[WhiteElo "1976"]
[BlackElo "1801"]
[PlyCount "35"]
[EventDate "2006.07.18"]
[EventType "swiss"]
[EventRounds "9"]
[EventCountry "ESP"]
[SourceTitle "EXT 2019"]
[Source "ChessBase"]
[SourceDate "2018.10.10"]
[SourceVersion "1"]
[SourceVersionDate "2018.10.10"]
[SourceQuality "1"]

1. Nf3 c5 2. c4 e6 3. g3 Nf6 4. Bg2 Nc6 5. Nc3 a6 6. 0-0 Be7 7. e3 0-0 8. d4 cxd4 9. exd4 d5 10. cxd5 exd5 11. Re1 h6 12. Ne5 Be6 13. a3 Rc8 14. Ng6 Re8 15. Nxe7+ Rxe7 16. Be3 b5 17. Rc1 Rcc7 18. b4 0-1

[Event "Catalunya-ch Seniors"]
[Site "Andorra"]
[Date "2006.07.19"]
[Round "2"]
[White "Rousse Mayol, Ricard"]
[Black "Ylla Soro, Rafael"]
[Result "1-0"]
[WhiteElo "1976"]
[BlackElo "1748"]
[PlyCount "51"]
[EventDate "2006.07.18"]
[EventType "swiss"]
[EventRounds "9"]
[EventCountry "ESP"]
[SourceTitle "EXT 2019"]
[Source "ChessBase"]
[SourceDate "2018.10.10"]
[SourceVersion "1"]
[SourceVersionDate "2018.10.10"]
[SourceQuality "1"]

1. Nf3 f5 2. g3 Nf6 3. d4 e6 4. Bg2 Be7 5. 0-0 0-0 6. c4 d6 7. Nc3 Qe8 8. Re1 Ne4 9. Qc2 Nxc3 10. Qxc3 Nd7 11. e4 fxe4 12. Rxe4 Bf6 13. Bg5 Nc5 14. Re2 Qg6 15. Bxf6 Ne4 16. Rxe4 Qxe4 17. Bg5 e5 18. dxe5 Bg4 19. Nd2 Qxe5 20. Qxe5 dxe5 21. Bxb7 Rae8 22. Be3 Kh8 23. Bxa7 Rf6 24. Be4 Rd8 25. Be3 Rfd6 26. Kg2 1-0

[Event "Fuengirola Once-ch"]
[Site "Fuengirola"]
[Date "2005.11.25"]
[Round "6.29"]
[White "Rousse Mayol, Ricard"]
[Black "Lococo Cobo, Nicola"]
[Result "0-1"]
[WhiteElo "2033"]
[BlackElo "2082"]
[PlyCount "47"]
[EventDate "2005.11.19"]
[EventType "team"]
[EventRounds "7"]
[EventCountry "ESP"]
[SourceTitle "CBM 109 Extra"]
[Source "ChessBase"]
[SourceDate "2006.01.03"]
[SourceVersion "2"]
[SourceVersionDate "2006.01.03"]
[SourceQuality "1"]

1. Nf3 Nf6 2. g3 c6 3. d4 d5 4. Bg2 Bf5 5. 0-0 e6 6. Nbd2 Nbd7 7. Re1 Be7 8. Nh4 Bg6 9. Nxg6 hxg6 10. e4 dxe4 11. Nxe4 Nxe4 12. Bxe4 Nf6 13. Bg2 Qa5 14. Re5 Qb6 15. c4 0-0-0 16. Be3 Rd7 17. h3 Rhd8 18. Qc2 Qc7 19. Qa4 Rxd4 20. Bxd4 Rxd4 21. Re3 Bc5 22. Rc1 Rd8 23. Rf3 Ne4 24. Qb3 0-1

[Event "Calpe op"]
[Site "Calpe"]
[Date "2004.11.22"]
[Round "2"]
[White "Ariste Justo, Jesus Angel"]
[Black "Rousse Mayol, Ricard"]
[Result "1/2-1/2"]
[WhiteElo "1980"]
[BlackElo "2062"]
[PlyCount "73"]
[EventDate "2004.11.21"]
[EventType "swiss"]
[EventRounds "9"]
[EventCountry "ESP"]
[SourceTitle "CBM 103 Extra"]
[Source "ChessBase"]
[SourceDate "2005.01.01"]
[SourceVersion "1"]
[SourceVersionDate "2005.01.01"]
[SourceQuality "1"]

1. d4 Nf6 2. c4 g6 3. Nc3 d6 4. g3 Bg7 5. Bg2 0-0 6. Nf3 Nbd7 7. 0-0 c5 8. d5 Nb6 9. Nd2 Ng4 10. Qc2 Ne5 11. b3 a5 12. Bb2 a4 13. Rfe1 Bd7 14. f4 Ng4 15. e4 Bd4+ 16. Kh1 Nf2+ 17. Kg1 Nd3+ 18. Kh1 Nxe1 19. Rxe1 axb3 20. axb3 Bg7 21. e5 Bf5 22. Qd1 dxe5 23. fxe5 Bd7 24. Nce4 Qc7 25. d6 exd6 26. exd6 Qc8 27. Bxg7 Kxg7 28. Qf3 f6 29. Nxf6 Rxf6 30. Re7+ Kg8 31. Qxf6 Qf8 32. Bd5+ Nxd5 33. Qxf8+ Kxf8 34. Rxd7 Nf6 35. Re7 Ra6 36. Re6 Kf7 37. Re7+ 1/2-1/2